Municipalities of Monmouth County - Statistics

General Stats
  • This quiz has been taken 173 times
  • The average score is 34 of 53
Answers on the Map
Answers color-coded by a green-red scale on the quiz's map according to % correct below.
 
Answer Stats
Municipality % Correct
Freehold
91%
Freehold Township
91%
Asbury Park
86%
Middletown Township
86%
Red Bank
82%
Long Branch
81%
Holmdel Township
77%
Manalapan Township
76%
Ocean Township
76%
Tinton Falls
76%
Colts Neck Township
75%
Howell Township
75%
Marlboro Township
73%
Belmar
72%
Atlantic Highlands
70%
Highlands
70%
Neptune City
70%
Neptune Township
70%
Hazlet Township
68%
Little Silver
68%
Sea Bright
67%
Deal
65%
Manasquan
65%
Matawan
65%
Rumson
65%
Shrewsbury
65%
Wall Township
65%
Shrewsbury Township
63%
Keyport
62%
Eatontown
61%
Keansburg
61%
Sea Girt
59%
Fair Haven
58%
Union Beach
58%
West Long Branch
58%
Aberdeen Township
57%
Monmouth Beach
57%
Allentown
56%
Avon-by-the-Sea
56%
Spring Lake
56%
Upper Freehold Township
54%
Englishtown
53%
Allenhurst
52%
Bradley Beach
52%
Farmingdale
51%
Brielle
49%
Millstone Township
49%
Oceanport
49%
Lake Como
44%
Interlaken
42%
Loch Arbour
41%
Roosevelt
37%
Spring Lake Heights
34%
No matching quizzes found
Score Distribution
Percent of People with Each Score
Percentile by Number Answered
Your Score History
You have not taken this quiz